000 00387nam a2200157Ia 4500
008 210716s1999 xx 000 0 und d
020 _a8174730974
041 _aeng
082 _a330 TAYJ
100 _aTaylor, John B.
245 _aEconomics.
250 _a2
260 _aNew Delhi
_bA.I.T.B.S. Publishers & Distributors
_c1999
300 _axxxiii,936/1998
650 _aEconomics
999 _c202952
_d202952